Sports Quiz

Random Sports or Baseball Quiz

Red Sox Opening Day Starting Pitchers and Catchers Quiz Stats

 Plays Quiz not verified by Sporcle

Challenge
Share
Tweet
Embed
Score 0/118 Timer 07:00
0 Plays Today
Hint Answer % Correct
2018Chris Sale
100%
2000Jason Varitek
93.6%
2001Jason Varitek
93.6%
2002Jason Varitek
93.6%
2003Jason Varitek
93.6%
2004Jason Varitek
93.6%
2005Jason Varitek
93.6%
2006Jason Varitek
93.6%
2007Jason Varitek
93.6%
2008Jason Varitek
93.6%
2009Jason Varitek
93.6%
1988Roger Clemens
93.1%
1989Roger Clemens
93.1%
1990Roger Clemens
93.1%
1991Roger Clemens
93.1%
1992Roger Clemens
93.1%
1993Roger Clemens
93.1%
1994Roger Clemens
93.1%
1996Roger Clemens
93.1%
1998Pedro Martinez
92.6%
1999Pedro Martinez
92.6%
2000Pedro Martinez
92.6%
2001Pedro Martinez
92.6%
2002Pedro Martinez
92.6%
2003Pedro Martinez
92.6%
2004Pedro Martinez
92.6%
2010Victor Martinez
92.6%
1973Carlton Fisk
88.3%
1976Carlton Fisk
88.3%
1977Carlton Fisk
88.3%
1978Carlton Fisk
88.3%
2011Jon Lester
86.2%
2012Jon Lester
86.2%
2013Jon Lester
86.2%
2014Jon Lester
86.2%
2017Rick Porcello
83.3%
1973Luis Tiant
81.9%
1974Luis Tiant
81.9%
1975Luis Tiant
81.9%
2016David Price
81.4%
Hint Answer % Correct
2009Josh Beckett
79.8%
2010Josh Beckett
79.8%
2006Curt Schilling
78.7%
2007Curt Schilling
78.7%
1983Rich Gedman
72.9%
1984Rich Gedman
72.9%
1985Rich Gedman
72.9%
1986Rich Gedman
72.9%
1988Rich Gedman
72.9%
1989Rich Gedman
72.9%
1967Jim Lonborg
72.3%
1969Jim Lonborg
72.3%
2011Jarrod Saltalamacchia
72.3%
2012Jarrod Saltalamacchia
72.3%
2013Jarrod Saltalamacchia
72.3%
1984Bruce Hurst
69.1%
1986Bruce Hurst
69.1%
2015Clay Buchholz
67%
2017Sandy Leon
60.4%
1985Oil Can Boyd
56.9%
1987Bob Stanley
56.9%
1996Mike Stanley
56.9%
2018Christian Vazquez
55.6%
1990Tony Pena
55.3%
1991Tony Pena
55.3%
1992Tony Pena
55.3%
1993Tony Pena
55.3%
1961Bill Monbouquette
53.2%
1963Bill Monbouquette
53.2%
1964Bill Monbouquette
53.2%
1965Bill Monbouquette
53.2%
1979Dennis Eckersley
52.7%
1980Dennis Eckersley
52.7%
1981Dennis Eckersley
52.7%
1982Dennis Eckersley
52.7%
1983Dennis Eckersley
52.7%
2008Daisuke Matsuzaka
51.6%
1978Mike Torrez
50.5%
2005David Wells
48.4%
2016Blake Swihart
48.4%
Hint Answer % Correct
1998Scott Hatteberg
39.4%
1999Scott Hatteberg
39.4%
1974Bob Montgomery
38.8%
1975Bob Montgomery
38.8%
1979Bob Montgomery
38.8%
1995Aaron Sele
38.3%
1966Earl Wilson
37.2%
1976Fergie Jenkins
36.2%
1977Fergie Jenkins
36.2%
1968Elston Howard
35.1%
2015Ryan Hanigan
31.9%
1971Ray Culp
31.4%
1960Haywood Sullivan
28.7%
1987Marc Sullivan
28.7%
1997Tom Gordon
28.2%
2014A J Pierzynski
28.2%
1997Bill Haselman
23.9%
1995Mike Macfarlane
23.4%
1981Gary Allenson
21.8%
1982Gary Allenson
21.8%
1963Bob Tillman
20.2%
1964Bob Tillman
20.2%
1965Bob Tillman
20.2%
1972Marty Pattin
20.2%
1961Russ Nixon
19.7%
1962Russ Nixon
19.7%
1970Gary Peters
19.7%
1971Duane Josephson
19.1%
1972Duane Josephson
19.1%
1966Mike Ryan
18.6%
1967Mike Ryan
18.6%
1994Dave Valle
18.6%
1968Dick Ellsworth
18.1%
1969Russ Gibson
15.4%
1970Jerry Moses
13.3%
1962Don Schwall
12.2%
1980Dave Rader
10.1%
1960Tom Sturdivant
5.9%

You're not logged in!

Compare scores with friends on all Sporcle quizzes.
Join for Free
OR
Log In

Show Comments

Extras

Top Quizzes Today


Score Distribution

Your Account Isn't Verified!

In order to create a playlist on Sporcle, you need to verify the email address you used during registration. Go to your Sporcle Settings to finish the process.

Report this User

Report this user for behavior that violates our Community Guidelines.

Details: